00514nam a2200085Ia 4500008004100000245003300041300027700074650001300351856006400364170517s9999 xx 000 0 und d aPhages: The Virus that Cures aWith Multidrug-Resistant Staphylococcus Aureus (MRSA) threatening to infect huge numbers of patients who make even short trips to the hospital, and the gradual increase in the number of bacteria that are resistant to all known antibiotics, scientists are turning to new... xScience. uhttp://topdocumentaryfilms.com/phages-the-virus-that-cures/